| 000 | 00588nam a2200229Ia 4500 | ||
|---|---|---|---|
| 003 | OSt | ||
| 005 | 20221005125504.0 | ||
| 006 | a|||||r|||| 00| 0 | ||
| 007 | ta | ||
| 008 | 221004b |||||||| |||| 00| 0 eng d | ||
| 024 | _a65201 | ||
| 037 | _cTextual | ||
| 040 |
_aCRL _cCRL _beng |
||
| 041 |
_2eng _aeng |
||
| 082 | _aX:275.73.N7, K8 | ||
| 100 |
_aHeller Walter W. Ed. _9636755 |
||
| 245 | 0 | _aPerspectives on economic growth | |
| 260 | _c1968 | ||
| 650 | _aECONOMICS | ||
| 942 |
_hX:275.73.N7, K8 _cTEXL _2cc |
||
| 999 |
_c1054173 _d1054173 |
||